[Event "Quebec-ch intercoll."]
[Site "Quebec CAN"]
[Date "1998.04.10"]
[Round "2"]
[White "Gratton, David"]
[Black "Bergeron, Dominic"]
[Result "1-0"]
[WhiteElo "1502"]
[BlackElo "1529"]
[PlyCount "97"]
[GameId "2160767911873529"]
[EventDate "1998.04.10"]
[EventType "swiss"]
[EventRounds "6"]
[EventCountry "CAN"]

1. e4 g6 2. d4 Bg7 3. f4 d6 4. Be2 Nf6 5. Nc3 c6 6. Nf3 b5 7. e5 dxe5 8. fxe5 Nd5 9. Ne4 Bf5 10. Ng3 Bg4 11. O-O Qb6 12. Kh1 O-O 13. b3 Nc3 14. Qd3 Nxe2 15. Nxe2 Rd8 16. h3 Bf5 17. Qd2 c5 18. Ba3 b4 19. Bb2 Nd7 20. d5 Qb7 21. Ng3 Nb6 22. Nxf5 gxf5 23. Qg5 Nxd5 24. Rae1 e6 25. Bc1 Nc3 26. Qg3 Kh8 27. Qh4 Ne4 28. Ng5 Nxg5 29. Bxg5 Rd4 30. Qh5 Rg8 31. Rf3 Qc7 32. Bf4 Bf8 33. Bg5 Rg6 34. c3 Re4 35. Rxe4 fxe4 36. Rf4 Bg7 37. Rxe4 bxc3 38. Bf4 Qc6 39. Qe2 f6 40. exf6 Rxf6 41. Be5 c2 42. Rc4 Rh6 43. Kh2 Rg6 44. Bxg7+ Kxg7 45. Qxc2 Rg5 46. Qe4 Rd5 47. Qg4+ Kh8 48. Qf4 Qc8 49. Qf6+ 1-0

[Event "Quebec-ch intercoll."]
[Site "Quebec CAN"]
[Date "1998.04.10"]
[Round "2"]
[White "Gravel, Simon jr"]
[Black "Marcone, Malcom"]
[Result "1-0"]
[WhiteElo "1983"]
[BlackElo "1571"]
[PlyCount "95"]
[GameId "2160767911873530"]
[EventDate "1998.04.10"]
[EventType "swiss"]
[EventRounds "6"]
[EventCountry "CAN"]

1. d4 Nf6 2. c4 c5 3. d5 b5 4. cxb5 a6 5. e3 g6 6. Nc3 d6 7. Nf3 Bg7 8. e4 axb5 9. Bxb5+ Nfd7 10. O-O Ba6 11. Qc2 O-O 12. Bxa6 Nxa6 13. a3 Qa5 14. Bd2 Rfb8 15. Ne2 Qb5 16. Bc3 Bxc3 17. bxc3 Nc7 18. Rfb1 Qa6 19. Rxb8+ Rxb8 20. a4 Qb7 21. a5 Na6 22. Kf1 Nf6 23. Nd2 Qb5 24. f3 Nd7 25. Qb1 Ne5 26. Qxb5 Rxb5 27. Nc1 Kf8 28. Ke2 e6 29. f4 Nd7 30. c4 Rb8 31. Nd3 Ke7 32. Rb1 Rxb1 33. Nxb1 Ndb8 34. Nc3 Kd7 35. Nb5 Nc7 36. Nb2 exd5 37. Nxc7 Kxc7 38. cxd5 f6 39. Kd3 Kb7 40. Nc4 Kc7 41. g4 Na6 42. h4 Kd7 43. g5 fxg5 44. hxg5 Nc7 45. Nb6+ Ke7 46. Kc4 Kd8 47. e5 Ke7 48. Nc8+ 1-0

[Event "Quebec-ch intercoll."]
[Site "Quebec CAN"]
[Date "1998.04.10"]
[Round "2"]
[White "Guerrera, Bruno"]
[Black "Desbiens, Dominick"]
[Result "1/2-1/2"]
[WhiteElo "1502"]
[BlackElo "1419"]
[PlyCount "121"]
[GameId "2160767911873531"]
[EventDate "1998.04.10"]
[EventType "swiss"]
[EventRounds "6"]
[EventCountry "CAN"]

1. e4 c5 2. d4 cxd4 3. Nf3 d6 4. Nxd4 Nf6 5. Nc3 e6 6. Ndb5 a6 7. Nd4 Nbd7 8. Nf3 b5 9. a3 Bb7 10. Bd3 Nc5 11. Qe2 Qc7 12. Bf4 Rb8 13. e5 Bxf3 14. gxf3 Nxd3+ 15. cxd3 Nh5 16. exd6 Bxd6 17. Bg3 Nf4 18. Bxf4 Bxf4 19. Nd5 Qe5 20. Nxf4 Qxf4 21. Qe4 Qd6 22. f4 b4 23. Qe5 Ke7 24. d4 f6 25. Qxd6+ Kxd6 26. axb4 Rxb4 27. Rxa6+ Kd5 28. Ra5+ Kxd4 29. O-O Rxb2 30. Re1 Rb6 31. Kg2 h5 32. h4 Rh6 33. Kf3 Rb3+ 34. Re3 Rb6 35. Re4+ Kc3 36. Ra3+ Kb2 37. Rae3 f5 38. Rd4 Rg6 39. Rd2+ Kc1 40. Ra2 Kb1 41. Rd2 Rg1 42. Rde2 Rb2 43. Re1+ Rxe1 44. Rxe1+ Kc2 45. Rxe6 Rb3+ 46. Kg2 Rb7 47. Re5 Rf7 48. Rd5 Kc3 49. Kf3 Kc4 50. Rd8 Rf6 51. Rd7 Rg6 52. Rf7 Rg4 53. Rxf5 g6 54. Rg5 Rxh4 55. Rxg6 Kd4 56. Kg3 Rh1 57. Re6 Rg1+ 58. Kh3 Rg4 59. f5 Rf4 60. f6 Rxf2 61. Kh4 1/2-1/2

[Event "Quebec-ch intercoll."]
[Site "Quebec CAN"]
[Date "1998.04.10"]
[Round "2"]
[White "Lemay, David"]
[Black "Pescarus, Dana"]
[Result "1-0"]
[WhiteElo "1500"]
[BlackElo "1558"]
[PlyCount "51"]
[GameId "2160767911873532"]
[EventDate "1998.04.10"]
[EventType "swiss"]
[EventRounds "6"]
[EventCountry "CAN"]

1. e4 c5 2. Nf3 e6 3. d4 cxd4 4. Nxd4 Nf6 5. Bd3 Nc6 6. Be3 a6 7. O-O Be7 8. Nc3 d6 9. Qe2 Ne5 10. Rad1 Nfg4 11. Bc1 O-O 12. f4 Nxd3 13. Rxd3 e5 14. Nf5 Bxf5 15. exf5 Qb6+ 16. Kh1 Nf6 17. fxe5 dxe5 18. Qxe5 Ng4 19. Qe2 Nxh2 20. Kxh2 Bd6+ 21. Kh1 Rfe8 22. Qg4 Qf2 23. Rdd1 Qb6 24. Nd5 Qd8 25. Bh6 Be5 26. f6 1-0

[Event "Quebec-ch intercoll."]
[Site "Quebec CAN"]
[Date "1998.04.10"]
[Round "2"]
[White "Slater, Sylvain"]
[Black "Bergeron, Michel"]
[Result "0-1"]
[WhiteElo "1326"]
[BlackElo "1511"]
[PlyCount "90"]
[GameId "2160767911873533"]
[EventDate "1998.04.10"]
[EventType "swiss"]
[EventRounds "6"]
[EventCountry "CAN"]

1. d4 f5 2. c4 e6 3. Nc3 Nf6 4. g3 Be7 5. Bg2 O-O 6. Nf3 d6 7. O-O Nbd7 8. Qc2 Qe8 9. e4 Nxe4 10. Nxe4 fxe4 11. Ng5 Bxg5 12. Bxg5 Qg6 13. Bf4 Nf6 14. Rae1 Bd7 15. Bxe4 Nxe4 16. Qxe4 Rae8 17. Qxg6 hxg6 18. c5 Bb5 19. cxd6 cxd6 20. Bxd6 Rf7 21. d5 Rd7 22. Bc5 Rxd5 23. Bxa7 Bxf1 24. Kxf1 Rd2 25. Re2 Rxe2 26. Kxe2 Ra8 27. Bd4 Rxa2 28. h4 Kf7 29. Ke3 Ra5 30. Ke4 g5 31. hxg5 Rxg5 32. Be5 Rg4+ 33. Kf3 Rb4 34. Kg2 g5 35. f4 gxf4 36. gxf4 Kg6 37. Kf3 Kf5 38. Ke3 Re4+ 39. Kd3 Rxe5 40. fxe5 Kxe5 41. Ke3 b5 42. Kd3 Kf4 43. b3 e5 44. Ke2 Ke4 45. Kd2 Kf3 0-1

[Event "Quebec-ch intercoll."]
[Site "Quebec CAN"]
[Date "1998.04.10"]
[Round "2"]
[White "Vivier, Christian"]
[Black "Manriquez, David"]
[Result "1/2-1/2"]
[WhiteElo "1717"]
[BlackElo "1533"]
[PlyCount "84"]
[GameId "2160767911873534"]
[EventDate "1998.04.10"]
[EventType "swiss"]
[EventRounds "6"]
[EventCountry "CAN"]

1. e4 e5 2. Nf3 Nc6 3. Bb5 a6 4. Ba4 Nf6 5. O-O Be7 6. Re1 b5 7. Bb3 O-O 8. c3 d6 9. h3 Be6 10. Bxe6 fxe6 11. d4 exd4 12. cxd4 d5 13. Ng5 Qd7 14. e5 Ne4 15. Nxe4 dxe4 16. Rxe4 Rad8 17. Be3 Bc5 18. Qc1 Bxd4 19. Bxd4 Nxd4 20. Nc3 Nf5 21. Qe1 Qd2 22. Re2 Qg5 23. Ne4 Qg6 24. Qc3 Nh4 25. Qg3 Qxg3 26. Nxg3 Rd5 27. b4 c5 28. bxc5 Rxc5 29. Rd1 Rfc8 30. Rd6 R5c6 31. Red2 a5 32. Nh5 Nf5 33. Rd7 Rc2 34. Rxc2 Rxc2 35. g4 Nh4 36. Rxg7+ Kf8 37. Rxh7 Rxa2 38. Rh8+ Kf7 39. Rh7+ Kf8 40. f4 b4 41. Ra7 b3 42. Nf6 b2 1/2-1/2

[Event "Quebec-ch intercoll."]
[Site "Quebec CAN"]
[Date "1998.04.10"]
[Round "2"]
[White "Yaiche, Aniss"]
[Black "Dumoulin, Sylvain"]
[Result "1/2-1/2"]
[WhiteElo "1354"]
[BlackElo "1617"]
[PlyCount "28"]
[GameId "2160767911873535"]
[EventDate "1998.04.10"]
[EventType "swiss"]
[EventRounds "6"]
[EventCountry "CAN"]

1. e4 e6 2. d4 d5 3. Nd2 Nf6 4. e5 Nfd7 5. Bd3 c5 6. c3 Nc6 7. Ndf3 Qb6 8. Ne2 cxd4 9. cxd4 Be7 10. O-O O-O 11. Nc3 f5 12. exf6 Nxf6 13. Re1 a6 14. a3 Bd7 1/2-1/2

[Event "Quebec-ch intercoll."]
[Site "Quebec CAN"]
[Date "1998.04.11"]
[Round "3"]
[White "Bergeron, Michel"]
[Black "Papineau (Granby), Daniel"]
[Result "0-1"]
[WhiteElo "1511"]
[BlackElo "1460"]
[PlyCount "62"]
[GameId "2160767911873536"]
[EventDate "1998.04.10"]
[EventType "swiss"]
[EventRounds "6"]
[EventCountry "CAN"]

1. f4 d5 2. b3 c5 3. e3 Nf6 4. Bb2 Bf5 5. Nf3 e6 6. Be2 Bd6 7. O-O O-O 8. Ne5 Qc7 9. g4 Bg6 10. d3 Nfd7 11. Nxg6 hxg6 12. Nc3 a6 13. Bf3 Nc6 14. Qe1 d4 15. Ne4 Be7 16. Bg2 Nb6 17. g5 Nd5 18. Bc1 dxe3 19. Bxe3 Nxe3 20. Qxe3 Nd4 21. Rac1 Nf5 22. Qe2 Rad8 23. Ng3 b5 24. a3 Rd7 25. Be4 Rfd8 26. Bxf5 exf5 27. h4 c4 28. b4 cxd3 29. cxd3 Qa7+ 30. Kh1 Rxd3 31. Rc8 Qb7+ 0-1

[Event "Quebec-ch intercoll."]
[Site "Quebec CAN"]
[Date "1998.04.11"]
[Round "3"]
[White "Coulon, Dominic"]
[Black "Gratton, David"]
[Result "0-1"]
[WhiteElo "1614"]
[BlackElo "1502"]
[PlyCount "52"]
[GameId "2160767911873537"]
[EventDate "1998.04.10"]
[EventType "swiss"]
[EventRounds "6"]
[EventCountry "CAN"]

1. e4 c5 2. Nf3 d6 3. d4 cxd4 4. Nxd4 Nf6 5. Nc3 a6 6. Be3 e5 7. Nb3 Be6 8. Bd3 Be7 9. O-O Nbd7 10. f3 Qc7 11. Qe2 O-O 12. g4 Nc5 13. Nxc5 dxc5 14. Qf2 c4 15. Be2 Nd7 16. Rad1 Bc5 17. Rxd7 Qxd7 18. Bxc5 Rfc8 19. Rd1 Qc6 20. Bb6 a5 21. Nd5 Bxd5 22. Rxd5 Qa4 23. Rc5 Qxc2 24. Qf1 Qxb2 25. Rxc8+ Rxc8 26. Bxa5 c3 0-1

[Event "Quebec-ch intercoll."]
[Site "Quebec CAN"]
[Date "1998.04.11"]
[Round "3"]
[White "Desbiens, Dominick"]
[Black "Pescarus, Dana"]
[Result "1/2-1/2"]
[WhiteElo "1419"]
[BlackElo "1558"]
[PlyCount "107"]
[GameId "2160767911873538"]
[EventDate "1998.04.10"]
[EventType "swiss"]
[EventRounds "6"]
[EventCountry "CAN"]

1. a3 c5 2. Nf3 Nc6 3. d4 cxd4 4. Nxd4 a6 5. g3 e6 6. Nxc6 bxc6 7. Bg2 Nf6 8. c4 Be7 9. Nc3 d5 10. O-O O-O 11. cxd5 cxd5 12. e4 Bb7 13. Qb3 Qd7 14. Rd1 Rfd8 15. exd5 Nxd5 16. Be3 Bc6 17. Bb6 Rab8 18. Nxd5 Bxd5 19. Qe3 Re8 20. Bxd5 exd5 21. Bd4 Bf6 22. Qd2 Qf5 23. b4 Rbd8 24. Bxf6 Qxf6 25. Qd4 Qf3 26. Rd3 Qf5 27. Rc1 h6 28. Rc6 Re4 29. Qc3 Re1+ 30. Qxe1 Qxd3 31. Qc3 Qb1+ 32. Qc1 Qxc1+ 33. Rxc1 Kf8 34. Kf1 Rd6 35. Ke2 Ke7 36. Kd3 Kd7 37. Kd4 f6 38. Rc5 Ke6 39. h4 h5 40. f4 g6 41. a4 Rb6 42. b5 axb5 43. Rxb5 Ra6 44. a5 Kf5 45. Rxd5+ Kg4 46. f5 gxf5 47. Kc4 Kxg3 48. Rxf5 Kxh4 49. Kb5 Re6 50. a6 Kg4 51. Rd5 h4 52. a7 Re8 53. Rd4+ Kg5 54. Rd7 1/2-1/2

[Event "Quebec-ch intercoll."]
[Site "Quebec CAN"]
[Date "1998.04.11"]
[Round "3"]
[White "Dumoulin, Sylvain"]
[Black "Bergeron, Dominic"]
[Result "1-0"]
[WhiteElo "1617"]
[BlackElo "1529"]
[PlyCount "69"]
[GameId "2160767911873539"]
[EventDate "1998.04.10"]
[EventType "swiss"]
[EventRounds "6"]
[EventCountry "CAN"]

1. e4 g6 2. Nc3 Bg7 3. g3 d6 4. Bg2 c5 5. d3 Nc6 6. Be3 a6 7. Nge2 Bd7 8. O-O Nf6 9. h3 Qc8 10. Kh2 b5 11. Qd2 h5 12. Bg5 b4 13. Nd5 Nxd5 14. exd5 Na7 15. Rae1 Qb7 16. c4 f6 17. Be3 g5 18. b3 O-O-O 19. d4 Qc7 20. a3 a5 21. axb4 axb4 22. Ra1 h4 23. g4 Kb7 24. dxc5 Kc8 25. c6 Nxc6 26. dxc6 Bxc6 27. Ra7 Qb8 28. Bxc6 d5+ 29. Kh1 d4 30. Ra8 dxe3 31. Rxb8+ Kxb8 32. Qxe3 Kc7 33. Bb5 Rd6 34. Qa7+ Kd8 35. Qb7 1-0

[Event "Quebec-ch intercoll."]
[Site "Quebec CAN"]
[Date "1998.04.11"]
[Round "3"]
[White "Forget, Eric"]
[Black "Slater, Sylvain"]
[Result "1-0"]
[WhiteElo "1518"]
[BlackElo "1326"]
[PlyCount "99"]
[GameId "2160767911873540"]
[EventDate "1998.04.10"]
[EventType "swiss"]
[EventRounds "6"]
[EventCountry "CAN"]

1. c4 e6 2. e3 d5 3. d4 Nf6 4. Nc3 Nbd7 5. Bd3 Be7 6. Nge2 c6 7. O-O O-O 8. a3 dxc4 9. Bxc4 e5 10. b4 exd4 11. Nxd4 Ne5 12. Be2 a5 13. Rb1 axb4 14. axb4 Nd5 15. Nxd5 Qxd5 16. Nf3 Qe4 17. Bb2 Rd8 18. Qc1 Nd3 19. Bxd3 Rxd3 20. Bd4 Be6 21. Ne5 Rb3 22. Rxb3 Bxb3 23. Qc3 Qc2 24. Qxc2 Bxc2 25. Rc1 Ra2 26. Bc5 Kf8 27. Nc4 Ke8 28. h3 b5 29. Bxe7 bxc4 30. Bc5 Bd3 31. Bd4 g6 32. Ra1 Rxa1+ 33. Bxa1 Kd7 34. f3 f5 35. Kf2 Ke6 36. g4 Kd5 37. Bd4 f4 38. Bc5 c3 39. exf4 c2 40. Be3 Kc4 41. Bd2 Kb3 42. Ke3 Bf1 43. f5 gxf5 44. gxf5 Bxh3 45. f6 Be6 46. Kd4 h5 47. Kc5 Bd5 48. b5 h4 49. b6 h3 50. b7 1-0

[Event "Quebec-ch intercoll."]
[Site "Quebec CAN"]
[Date "1998.04.11"]
[Round "3"]
[White "Gonthier-Brazeau, Philippe"]
[Black "Lemay, David"]
[Result "1/2-1/2"]
[WhiteElo "1416"]
[BlackElo "1500"]
[PlyCount "106"]
[GameId "2160767911873541"]
[EventDate "1998.04.10"]
[EventType "swiss"]
[EventRounds "6"]
[EventCountry "CAN"]

1. e4 e5 2. Nf3 Nc6 3. Bb5 a6 4. Ba4 Nf6 5. O-O b5 6. Bb3 Be7 7. c3 d6 8. Re1 Bg4 9. h3 Bh5 10. d3 Qd7 11. Be3 g5 12. Bxg5 Rg8 13. Bxf6 Bxf6 14. Kh2 Nd8 15. g3 Ne6 16. Nxe5 dxe5 17. Bxe6 Qxe6 18. Qxh5 Rg5 19. Qf3 O-O-O 20. h4 Rg4 21. Qf5 Qxf5 22. exf5 Rxd3 23. a3 Rf3 24. Re2 Rxf5 25. Nd2 Rh5 26. Kh3 Rg8 27. Ne4 Be7 28. f3 f5 29. Nf2 f4 30. g4 Rxh4+ 31. Kg2 Bd6 32. a4 Kb7 33. axb5 axb5 34. Rh1 Rxh1 35. Kxh1 h5 36. Kg2 hxg4 37. Nxg4 Kc6 38. Kf2 Re8 39. b4 Re7 40. Re4 Kd5 41. Nh2 c5 42. Nf1 Ra7 43. bxc5 Bxc5+ 44. Ke2 Ra2+ 45. Kd3 Ra1 46. Nd2 Be3 47. c4+ Ke6 48. Nb3 bxc4+ 49. Rxc4 Rb1 50. Na5 Kd5 51. Rc8 Bd4 52. Rd8+ Kc5 53. Rc8+ Kb5 1/2-1/2

[Event "Quebec-ch intercoll."]
[Site "Quebec CAN"]
[Date "1998.04.11"]
[Round "3"]
[White "Manriquez, David"]
[Black "Bergeron, Richard"]
[Result "1/2-1/2"]
[WhiteElo "1533"]
[BlackElo "1856"]
[PlyCount "118"]
[GameId "2160767911873542"]
[EventDate "1998.04.10"]
[EventType "swiss"]
[EventRounds "6"]
[EventCountry "CAN"]

1. e4 c5 2. Nf3 d6 3. d4 cxd4 4. Nxd4 Nf6 5. Nc3 g6 6. Be2 Bg7 7. Be3 Nc6 8. O-O O-O 9. Kh1 Bd7 10. f4 a6 11. a4 Rc8 12. Nb3 Qc7 13. a5 Be6 14. Bb6 Qd7 15. Nd4 Nxd4 16. Qxd4 Nd5 17. exd5 Bxd4 18. dxe6 Qxe6 19. Bxd4 Rxc3 20. Bxc3 Qxe2 21. Rfe1 Qxc2 22. Rxe7 Rd8 23. Rae1 Qa4 24. f5 d5 25. fxg6 hxg6 26. Rxb7 Qf4 27. Rb4 Qf2 28. Rd1 Kf8 29. Rbd4 Ke7 30. h3 Ke6 31. Rb4 Rd6 32. Rdd4 g5 33. Rd2 Qe3 34. Rd1 Qf2 35. Re1+ Kf5 36. Re5+ Kg6 37. Rd4 Qf1+ 38. Kh2 Qb5 39. h4 f6 40. Re3 gxh4 41. Rxh4 Kg5 42. Rb4 Qc5 43. Rg3+ Kf5 44. Rf3+ Kg6 45. Rg4+ Kf7 46. Bb4 Qc8 47. Rgf4 Re6 48. Bc3 Qc7 49. Kh3 Qd8 50. Bxf6 Qd7 51. Bd4+ Rf6+ 52. Kg3 Rxf4 53. Rxf4+ Ke7 54. Bc3 Qd6 55. Kf3 Qg6 56. g3 Qd3+ 57. Kg4 Qg6+ 58. Kh3 Qh5+ 59. Kg2 Qe2+ 1/2-1/2

[Event "Quebec-ch intercoll."]
[Site "Quebec CAN"]
[Date "1998.04.11"]
[Round "3"]
[White "Marcone, Malcom"]
[Black "Bolduc, Olivier"]
[Result "1-0"]
[WhiteElo "1571"]
[BlackElo "1490"]
[PlyCount "129"]
[GameId "2160767911873543"]
[EventDate "1998.04.10"]
[EventType "swiss"]
[EventRounds "6"]
[EventCountry "CAN"]

1. c4 e5 2. Nc3 Nf6 3. g3 Nc6 4. Bg2 g6 5. e3 Bg7 6. Nge2 d6 7. O-O O-O 8. a3 Be6 9. d3 d5 10. b3 d4 11. exd4 exd4 12. Ne4 Re8 13. Nc5 Qc8 14. Nxe6 Qxe6 15. Nf4 Qg4 16. Qxg4 Nxg4 17. Nd5 Be5 18. f4 Bd6 19. h3 Ne3 20. Bxe3 dxe3 21. Nf6+ Kg7 22. Nxe8+ Rxe8 23. Bxc6 bxc6 24. Rfe1 Bc5 25. Re2 Bd4 26. Rc1 c5 27. b4 Rb8 28. Rb1 a5 29. b5 Rb6 30. Kf1 a4 31. Kg2 f5 32. Kf3 Kf6 33. g4 Ke6 34. Rg1 c6 35. Rb1 Kf6 36. Rg2 fxg4+ 37. hxg4 cxb5 38. Rxb5 Re6 39. g5+ Kf5 40. Rb7 Re8 41. Rf7+ Ke6 42. Rxh7 Rb8 43. Ra7 Rb1 44. Rxa4 Rf1+ 45. Ke2 Ra1 46. Kf3 Rf1+ 47. Kg3 Bc3 48. Re2 Bd2 49. Ra6+ Kf7 50. Rc6 Rg1+ 51. Kf3 Rf1+ 52. Kg2 Rxf4 53. Rxc5 Rd4 54. Rd5 Rxd5 55. cxd5 Ke7 56. Kf3 Kd6 57. Ke4 Kc5 58. Ke5 Bc3+ 59. Ke4 Bd2 60. Rxe3 Bc1 61. d4+ Kd6 62. Rc3 Bxg5 63. Rg3 Bc1 64. Rxg6+ Kd7 65. a4 1-0

[Event "Quebec-ch intercoll."]
[Site "Quebec CAN"]
[Date "1998.04.11"]
[Round "3"]
[White "Simard, Francois"]
[Black "Vivier, Christian"]
[Result "0-1"]
[WhiteElo "1565"]
[BlackElo "1717"]
[PlyCount "86"]
[GameId "2160767911873544"]
[EventDate "1998.04.10"]
[EventType "swiss"]
[EventRounds "6"]
[EventCountry "CAN"]

1. d4 Nf6 2. c4 e6 3. Bg5 Bb4+ 4. Nc3 d5 5. e3 O-O 6. a3 Be7 7. Bd3 dxc4 8. Bxc4 Nbd7 9. Nf3 c6 10. O-O Qc7 11. Qc2 e5 12. Rfd1 exd4 13. Rxd4 Ne5 14. Nxe5 Qxe5 15. Ne4 Nxe4 16. Bxe7 Qxe7 17. Rxe4 Qc7 18. Rh4 g6 19. Bd3 Be6 20. Bc4 Bxc4 21. Qxc4 Rad8 22. Qc5 b6 23. Qc3 Rd6 24. Rd4 Rfd8 25. Rad1 c5 26. R4d3 R8d7 27. g3 Qd8 28. Rxd6 Rxd6 29. Rxd6 Qxd6 30. Kf1 Qd1+ 31. Qe1 Qb3 32. Qd2 Qc4+ 33. Ke1 b5 34. Qc3 Qxc3+ 35. bxc3 g5 36. Kd2 f5 37. a4 a6 38. e4 fxe4 39. a5 Kf7 40. Ke3 Ke6 41. Kxe4 g4 42. Kf4 Kd5 43. Kxg4 b4 0-1

[Event "Quebec-ch intercoll."]
[Site "Quebec CAN"]
[Date "1998.04.11"]
[Round "3"]
[White "Soudre, Nicolas"]
[Black "Gravel, Simon jr"]
[Result "1-0"]
[WhiteElo "2045"]
[BlackElo "1983"]
[PlyCount "149"]
[GameId "2160767911873545"]
[EventDate "1998.04.10"]
[EventType "swiss"]
[EventRounds "6"]
[EventCountry "CAN"]

1. e4 e6 2. d4 d5 3. Nc3 Bb4 4. e5 c5 5. a3 Bxc3+ 6. bxc3 Ne7 7. Qg4 Qc7 8. Qxg7 Rg8 9. Qxh7 cxd4 10. Ne2 Nbc6 11. f4 Bd7 12. Qd3 dxc3 13. Rb1 Na5 14. Qxc3 Qxc3+ 15. Nxc3 Rc8 16. Bd2 b6 17. g3 Nf5 18. Nb5 Bxb5 19. Bxb5+ Nc6 20. c3 Ke7 21. Bxc6 Rxc6 22. O-O Rc4 23. Rb4 Rcc8 24. a4 Rc5 25. Rfb1 Kd7 26. Rb5 Kc6 27. Rxc5+ Kxc5 28. Be1 Kc4 29. Kf2 Kd3 30. Rb4 Rh8 31. h4 Rc8 32. h5 d4 33. cxd4 Nxd4 34. Rb2 Ke4 35. Bd2 Kf5 36. Ke3 Rd8 37. Bc3 Nc6 38. Rd2 Rxd2 39. Bxd2 Kg4 40. h6 Ne7 41. h7 Ng6 42. Ke4 Nh8 43. Bb4 Kh5 44. g4+ Kg6 45. f5+ Kxh7 46. Be7 a6 47. Kd4 Kg8 48. Bd8 b5 49. a5 f6 50. Bxf6 exf5 51. gxf5 Nf7 52. Ke4 Kf8 53. Bh4 Ke8 54. f6 Kd7 55. Kd5 Nd8 56. f7 Ne6 57. Bf6 Nf4+ 58. Kc5 Ng6 59. Kb6 b4 60. Kxa6 Ke6 61. Bg5 Kxf7 62. Kb5 b3 63. Bc1 Ne7 64. a6 Nc8 65. Kc6 Ke7 66. Kb7 Kd7 67. a7 Nxa7 68. Kxa7 Ke6 69. Bb2 Kd7 70. Kb7 Ke8 71. Kc6 Kd8 72. Kd6 Ke8 73. e6 Kd8 74. Bf6+ Ke8 75. e7 1-0

[Event "Quebec-ch intercoll."]
[Site "Quebec CAN"]
[Date "1998.04.11"]
[Round "4"]
[White "Bergeron, Richard"]
[Black "Marcone, Malcom"]
[Result "0-1"]
[WhiteElo "1856"]
[BlackElo "1571"]
[PlyCount "64"]
[GameId "2160767911873546"]
[EventDate "1998.04.10"]
[EventType "swiss"]
[EventRounds "6"]
[EventCountry "CAN"]

1. e4 e5 2. Nf3 Nc6 3. Bc4 Nf6 4. Ng5 d5 5. exd5 Na5 6. Bb5+ c6 7. dxc6 bxc6 8. Qf3 Bd7 9. Ba4 Qc7 10. Ne4 Nxe4 11. Qxe4 f5 12. Qe2 Bd6 13. a3 O-O 14. b4 Nb7 15. Bb3+ Kh8 16. Bb2 Rae8 17. O-O Nd8 18. d3 Ne6 19. Nd2 Nf4 20. Qf3 e4 21. dxe4 fxe4 22. Qe3 Nd5 23. Qg5 Bf5 24. Nc4 Bxh2+ 25. Kh1 Bf4 26. Qh4 Re6 27. Kg1 Rh6 28. Qxh6 Bxh6 29. Be5 Qd7 30. Rad1 Bg4 31. f3 exf3 32. gxf3 Bxf3 0-1

[Event "Quebec-ch intercoll."]
[Site "Quebec CAN"]
[Date "1998.04.11"]
[Round "4"]
[White "Desbiens, Dominick"]
[Black "Forget, Eric"]
[Result "0-1"]
[WhiteElo "1419"]
[BlackElo "1518"]
[PlyCount "76"]
[GameId "2160767911873547"]
[EventDate "1998.04.10"]
[EventType "swiss"]
[EventRounds "6"]
[EventCountry "CAN"]

1. a3 Nf6 2. Nf3 g6 3. g3 d6 4. d4 Bg7 5. Nc3 Be6 6. e4 Bg4 7. Bg2 Nc6 8. h3 Bxf3 9. Bxf3 Nd7 10. Ne2 O-O 11. O-O e6 12. c3 e5 13. Be3 exd4 14. cxd4 Nb6 15. Rc1 Qd7 16. Bg2 Ne7 17. b3 c6 18. Qd2 d5 19. e5 Nf5 20. g4 Nxe3 21. Qxe3 Qe7 22. f4 f6 23. e6 Qxa3 24. f5 g5 25. Ng3 a5 26. Nh5 Qe7 27. h4 Bh6 28. Rce1 a4 29. bxa4 Rxa4 30. Nxf6+ Qxf6 31. e7 Re8 32. Qe6+ Kg7 33. Qxf6+ Kxf6 34. Re6+ Kg7 35. Rxh6 Kxh6 36. f6 Nd7 37. hxg5+ Kxg5 38. Rf5+ Kxg4 0-1

[Event "Quebec-ch intercoll."]
[Site "Quebec CAN"]
[Date "1998.04.11"]
[Round "4"]
[White "Dumoulin, Sylvain"]
[Black "Gonthier-Brazeau, Philippe"]
[Result "1-0"]
[WhiteElo "1617"]
[BlackElo "1416"]
[PlyCount "83"]
[GameId "2160767911873548"]
[EventDate "1998.04.10"]
[EventType "swiss"]
[EventRounds "6"]
[EventCountry "CAN"]

1. Nc3 g6 2. e4 Bg7 3. g3 c5 4. Bg2 Nc6 5. d3 d6 6. Be3 Nf6 7. h3 O-O 8. f4 a6 9. Nf3 Qa5 10. O-O Rb8 11. Ne2 Ne8 12. c3 e5 13. Qd2 f5 14. exf5 Bxf5 15. g4 e4 16. dxe4 Bxe4 17. Ng3 Bxf3 18. Bxf3 Rd8 19. Bd5+ Kh8 20. f5 Qc7 21. g5 Be5 22. fxg6 Rxf1+ 23. Rxf1 hxg6 24. Rf8+ Kg7 25. Rf7+ Qxf7 26. Bxf7 Kxf7 27. Ne2 Nc7 28. Nf4 Rd7 29. Bxc5 d5 30. Bd4 Bxd4+ 31. cxd4 Ne6 32. Nxe6 Kxe6 33. Qe3+ Kf7 34. Qf4+ Kg7 35. Qf6+ Kh7 36. Qe6 Rg7 37. Qxd5 Nb4 38. Qc4 Nc6 39. d5 Ne5 40. Qc3 Nf7 41. Qf6 Kg8 42. d6 1-0

[Event "Quebec-ch intercoll."]
[Site "Quebec CAN"]
[Date "1998.04.11"]
[Round "4"]
[White "Gratton, David"]
[Black "Gravel, Simon jr"]
[Result "1-0"]
[WhiteElo "1502"]
[BlackElo "1983"]
[PlyCount "83"]
[GameId "2160767911873549"]
[EventDate "1998.04.10"]
[EventType "swiss"]
[EventRounds "6"]
[EventCountry "CAN"]

1. e4 e6 2. d4 d5 3. Nc3 Bb4 4. e5 c5 5. a3 Bxc3+ 6. bxc3 Ne7 7. Qg4 Qc7 8. Qxg7 Rg8 9. Qxh7 cxd4 10. Ne2 Nbc6 11. f4 Bd7 12. Qd3 dxc3 13. Qxc3 O-O-O 14. Qd3 Kb8 15. Rb1 Rc8 16. Be3 Na5 17. Nd4 Nc4 18. Bd2 Nxd2 19. Qxd2 Ba4 20. Ba6 Rxg2 21. Qxg2 Qa5+ 22. Qd2 Qxa6 23. Qb4 Bxc2 24. Rc1 Be4 25. Rxc8+ Nxc8 26. Rg1 Bg6 27. Rg3 Qb6 28. Qxb6 Nxb6 29. h4 Nc4 30. Rh3 Be4 31. Rg3 Nb2 32. Nb5 b6 33. Kd2 Nc4+ 34. Ke1 a6 35. Nd4 b5 36. Nc2 Kc7 37. Rg5 Bg6 38. Kd1 a5 39. h5 Bxc2+ 40. Kxc2 Ne3+ 41. Kc1 Nf5 42. Rxf5 1-0

[Event "Quebec-ch intercoll."]
[Site "Quebec CAN"]
[Date "1998.04.11"]
[Round "4"]
[White "Manriquez, David"]
[Black "Simard, Francois"]
[Result "1-0"]
[WhiteElo "1533"]
[BlackElo "1665"]
[PlyCount "25"]
[GameId "2160767911873550"]
[EventDate "1998.04.10"]
[EventType "swiss"]
[EventRounds "6"]
[EventCountry "CAN"]

1. e4 e5 2. Nf3 Nc6 3. Bb5 a6 4. Ba4 Nf6 5. O-O Bc5 6. Nxe5 Bxf2+ 7. Rxf2 Nxe5 8. h3 b5 9. Bb3 Bb7 10. d4 Ng6 11. e5 Nd5 12. Qf3 Ndf4 13. Qxb7 1-0

[Event "Quebec-ch intercoll."]
[Site "Quebec CAN"]
[Date "1998.04.11"]
[Round "4"]
[White "Papineau (Granby), Daniel"]
[Black "Lemay, David"]
[Result "1-0"]
[WhiteElo "1460"]
[BlackElo "1500"]
[PlyCount "69"]
[GameId "2160767911873551"]
[EventDate "1998.04.10"]
[EventType "swiss"]
[EventRounds "6"]
[EventCountry "CAN"]

1. d4 Nf6 2. c4 e6 3. Nc3 d5 4. Bg5 Be7 5. e3 Nbd7 6. Nf3 O-O 7. Rc1 c5 8. cxd5 Nxd5 9. Bxe7 Nxe7 10. Bd3 cxd4 11. Nxd4 a6 12. O-O e5 13. Nf3 Qb6 14. Qe2 Ng6 15. Rfd1 f6 16. Nd5 Qa5 17. Bxg6 hxg6 18. Ne7+ Kh7 19. Nxc8 Raxc8 20. Rxc8 Rxc8 21. Rxd7 Qa4 22. Rxb7 Qxa2 23. h3 Qd5 24. Rb4 e4 25. Ne1 Rc1 26. Rd4 Qb5 27. Qxb5 axb5 28. Kf1 f5 29. Rb4 Rc5 30. Ke2 g5 31. Kd2 Rd5+ 32. Rd4 Rc5 33. b4 Rc6 34. Rd5 Kg6 35. Rxb5 1-0